Borgeana

محفوظ في:
التفاصيل البيبلوغرافية
المؤلف الرئيسي: Rojo, Grinor (مؤلف)
التنسيق: كتاب
اللغة:الإسبانية
منشور في: Santiago LOM 2009
الطبعة:1a. ed
سلاسل:Colección Texto sobre Texto
الموضوعات:
الوسوم: إضافة وسم
لا توجد وسوم, كن أول من يضع وسما على هذه التسجيلة!

MARC

LEADER 00000nam a2200000 a 4500
001 UCH9154
003 CL-VaPUC
008 091224e20090000CL |||||||||||||||||spa|d
020 |a 9789560001078 
082 0 4 |a 863  |b ROJ  |2 21 
100 0 |a Rojo, Grinor  |e author  |9 546076 
245 1 0 |a Borgeana 
250 |a 1a. ed 
300 |a 119 p 
942 |c BK 
945 |d 20091224 00:00:00  |a cmena 
260 |a Santiago  |b LOM  |c 2009 
600 0 |a Borges, Jorge Luis  |e autor  |9 322093 
650 0 |a Ensayos chilenos   |9 269132 
650 0 |a Identidad   |9 336178 
650 0 |a Análisis del discurso  |9 256696 
650 7 |a ESCRITORES ARGENTINOS  |2 CL-VaPUC  |9 546077 
583 |a last modification  |c 20091224 00:00:00  |k Rodrigo Vera 
490 0 |a Colección Texto sobre Texto 
999 |c 339215  |d 339213 
952 |0 0  |1 0  |4 0  |6 863_000000000000000_ROJ_2009  |7 0  |8 C  |9 432707  |a BIBCUR  |b BIBCUR  |d 2019-11-22  |i 4627385  |o 863 ROJ 2009  |p 4627385  |r 2025-04-22  |w 2019-11-22  |y BK  |k CAC